Bài giảng chẩn đoán hình ảnh

Zapisane w:
Opis bibliograficzny
1. autor: BỘ MÔN CHẨN ĐOÁN HÌNH ẢNH
Format: Książka
Język:Undetermined
Wydane: Hà Nội Y Học 2001
Hasła przedmiotowe:
Etykiety: Dodaj etykietę
Nie ma etykietki, Dołącz pierwszą etykiete!
Thư viện lưu trữ: Trung tâm Học liệu Trường Đại học Cần Thơ
LEADER 00521nam a2200169Ia 4500
001 CTU_48040
008 210402s9999 xx 000 0 und d
082 |a 616.0757 
082 |b B450 
100 |a BỘ MÔN CHẨN ĐOÁN HÌNH ẢNH 
245 0 |a Bài giảng chẩn đoán hình ảnh 
245 0 |c BỘ MÔN CHẨN ĐOÁN HÌNH ẢNH 
260 |a Hà Nội 
260 |b Y Học 
260 |c 2001 
650 |a diagnosis, radioscopic 
980 |a Trung tâm Học liệu Trường Đại học Cần Thơ